000 00525nam a22002057a 4500
003 OSt
005 20160919151423.0
008 160919b xxu||||| |||| 00| 0 eng d
020 _a044304242x
040 _cDNLM
082 _aBBQV4 L373c 1987.
100 _aLaurence,D.R; Bennett,P.N;
_911074
245 _aClinical Pharmacology.
250 _a6th ed
260 _aUk.
_bChurchill Livingstone.
_c1987
300 _ax,776p;
_bill:
_c26cm.
504 _aincludes index.
650 _aPharmacology.
_9357
942 _2z
_cB_BANK
999 _c5254
_d5254